00645nam a22001697a 4500003000500000082000800005100004100013245008100054264003700135300003100172650004400203700004500247856005700292942001300349999001900362952009400381NUST a621 aAli Raza Mashhadi ,Muhammad 9122295 aStudy the Effects of Water Injection in Engine /cMuhammad Ali Raza Mashhadi aIslamabad: bSMME- NUST. c2021. a68p. ;bSoft Copy, c30cm. aMS Mechanical Engineering 9119495 aSupervisor : Dr. Sami ur Rahman 9122296 uhttp://10.250.8.41:8080/xmlui/handle/123456789/23768 2ddccTHE c608798d608798 00104070aSMMEbSMMEcTHEd2024-04-08l0o621pSMME-TH-554r2024-04-08w2024-04-08yTHE